[Event "FRA-chT2 0304a"]
[Site "France"]
[Date "2004.03.13"]
[Round "8.6"]
[White "Janotta, Patrick"]
[Black "Peric, Slavisa"]
[Result "0-1"]
[WhiteElo "2121"]
[BlackElo "2253"]
[PlyCount "78"]
[EventDate "2003.10.??"]
[EventType "team"]
[EventRounds "11"]
[EventCountry "FRA"]
[SourceTitle "EXT 2005"]
[Source "ChessBase"]
[SourceDate "2004.11.15"]
[SourceVersion "1"]
[SourceVersionDate "2004.11.15"]
[SourceQuality "1"]
[WhiteTeam "Avignon"]
[BlackTeam "Cannes II"]
[WhiteTeamCountry "FRA"]
[BlackTeamCountry "FRA"]

1. e4 e6 2. d4 d5 3. Nc3 Nc6 4. Nf3 Nf6 5. e5 Ne4 6. Bd3 Bb4 7. Bd2 Nxd2 8. Qxd2 0-0 9. a3 Bxc3 10. bxc3 f6 11. exf6 Qxf6 12. 0-0 e5 13. Nxe5 Nxe5 14. dxe5 Qxe5 15. Rfe1 Qf6 16. Rad1 b6 17. Re3 Bd7 18. Rde1 Rae8 19. Rxe8 Bxe8 20. Re3 Qd6 21. Rh3 h6 22. Rg3 Rf4 23. h3 Bf7 24. Qe3 Rf6 25. Qd4 Qf4 26. Bf1 c5 27. Qe3 Qxe3 28. fxe3 c4 29. Rg4 b5 30. Rd4 Ra6 31. e4 dxe4 32. Rxe4 Rxa3 33. Re5 a6 34. Re3 b4 35. Kf2 b3 36. cxb3 cxb3 37. Re1 Bg6 38. Bc4+ Kf8 39. Re6 b2 0-1

[Event "FRA-chT2 0304a"]
[Site "France"]
[Date "2003.12.07"]
[Round "4.6"]
[White "Adda, Olivier"]
[Black "Janotta, Patrick"]
[Result "1-0"]
[WhiteElo "2181"]
[BlackElo "2121"]
[PlyCount "73"]
[EventDate "2003.10.??"]
[EventType "team"]
[EventRounds "11"]
[EventCountry "FRA"]
[SourceTitle "EXT 2005"]
[Source "ChessBase"]
[SourceDate "2004.11.15"]
[SourceVersion "1"]
[SourceVersionDate "2004.11.15"]
[SourceQuality "1"]
[WhiteTeam "Grenoble"]
[BlackTeam "Avignon"]
[WhiteTeamCountry "FRA"]
[BlackTeamCountry "FRA"]

1. e4 c5 2. Nf3 d6 3. d4 cxd4 4. Nxd4 Nf6 5. Nc3 e6 6. g4 h6 7. h4 Nc6 8. Be2 d5 9. exd5 exd5 10. g5 hxg5 11. Bxg5 Bc5 12. Nb3 Bb6 13. Qd2 d4 14. Bxf6 Qxf6 15. Nd5 Qe5 16. Nxb6 axb6 17. 0-0-0 Be6 18. Bc4 0-0 19. Rhe1 Qf6 20. Bxe6 fxe6 21. Kb1 e5 22. Qd3 Qf7 23. a3 Qf5 24. Qc4+ Kh8 25. h5 Rf6 26. Qb5 Rc8 27. Nd2 Na5 28. Ne4 Rfc6 29. h6 Rxh6 30. Rxd4 Qf4 31. Rd5 Nc4 32. Qd7 Rf8 33. Rg1 Rh7 34. Rg4 Qf3 35. Ng5 Rh1+ 36. Ka2 Na5 37. Nxf3 1-0

[Event "FRA-chT2 0304"]
[Site "France"]
[Date "2003.10.12"]
[Round "1"]
[White "Janotta, Patrick"]
[Black "Dubreuil, Julien"]
[Result "1/2-1/2"]
[WhiteElo "2110"]
[BlackElo "2196"]
[PlyCount "148"]
[EventDate "2003.10.??"]
[EventType "team"]
[EventRounds "11"]
[EventCountry "FRA"]
[SourceTitle "EXT 2005"]
[Source "ChessBase"]
[SourceDate "2004.11.15"]
[SourceVersion "1"]
[SourceVersionDate "2004.11.15"]
[SourceQuality "1"]

1. e4 e5 2. Nf3 Nc6 3. d4 exd4 4. Nxd4 Bc5 5. Be3 Qf6 6. c3 Nge7 7. Bc4 d6 8. 0-0 Bd7 9. a4 Qg6 10. f3 0-0-0 11. Na3 f5 12. b4 Bxd4 13. Bxd4 fxe4 14. b5 Ne5 15. Be2 Rhf8 16. Bxe5 dxe5 17. Qe1 Nd5 18. fxe4 Qxe4 19. Bf3 Qxe1 20. Rfxe1 Nxc3 21. Rxe5 Rde8 22. Rg5 g6 23. Nc4 Ne2+ 24. Kf2 Nd4 25. Rc1 Re2+ 26. Kg3 Ra2 27. b6 axb6 28. Nxb6+ Kd8 29. Nxd7 Rxf3+ 30. gxf3 Ne2+ 31. Kh3 Nxc1 32. Nf8 Rxa4 33. Nxh7 Rf4 34. Rxg6 Rxf3+ 35. Kg4 Rf2 36. Kg3 Rf7 37. Ng5 Ne2+ 38. Kg4 Rf4+ 39. Kh5 Rf2 40. Rg8+ Kd7 41. Rg7+ Kc6 42. h4 b5 43. Rg8 Kd5 44. Rd8+ Kc4 45. Rc8 c5 46. Ne4 Rf5+ 47. Kg6 Rd5 48. Rf8 Rd4 49. Kf5 Nc3 50. Nxc5 Rd5+ 51. Kg6 Rxc5 52. Rf4+ Kd5 53. Rf5+ Kd6 54. Rxc5 Kxc5 55. h5 b4 56. h6 b3 57. h7 b2 58. h8Q b1Q+ 59. Kf7 Qb7+ 60. Kg6 Qe4+ 61. Kf7 Qc4+ 62. Kg6 Qg4+ 63. Kf7 Nd5 64. Qe5 Qd7+ 65. Kg6 Qh3 66. Qf5 Qg3+ 67. Kf7 Qc7+ 68. Kg6 Kd6 69. Qf8+ Ne7+ 70. Kg5 Qc5+ 71. Kg4 Qg1+ 72. Kh3 Ke6 73. Qe8 Qe3+ 74. Kg2 Qe2+ 1/2-1/2

[Event "FRA-ch op-A"]
[Site "Aix les Bains"]
[Date "2003.08.24"]
[Round "6"]
[White "Thiel, Jean Claude"]
[Black "Janotta, Patrick"]
[Result "1-0"]
[WhiteElo "2010"]
[BlackElo "2107"]
[PlyCount "66"]
[EventDate "2003.08.19"]
[EventType "swiss"]
[EventRounds "11"]
[EventCountry "FRA"]
[SourceTitle "EXT 2004"]
[Source "ChessBase"]
[SourceDate "2003.11.25"]
[SourceVersion "1"]
[SourceVersionDate "2003.11.25"]
[SourceQuality "1"]

1. d4 Nf6 2. f4 d5 3. Nf3 c5 4. e3 Bg4 5. Be2 Bxf3 6. Bxf3 e6 7. 0-0 Nc6 8. c3 Bd6 9. Bd2 0-0 10. g4 Rc8 11. Qe2 Qb6 12. Be1 cxd4 13. cxd4 Bxf4 14. Bg2 Bxe3+ 15. Qxe3 Nxg4 16. Qg3 Qxd4+ 17. Kh1 f5 18. Nc3 Qe3 19. Rf3 Qe5 20. Qh4 Qf6 21. Qg3 Nce5 22. Rf4 Qh6 23. Nxd5 exd5 24. Bxd5+ Kh8 25. Bc3 Rcd8 26. Rd1 Qh5 27. Rd2 Ng6 28. Rc4 f4 29. Qg2 Rfe8 30. Rd3 Ne3 31. Rc7 Nxd5 32. Bxg7+ Kg8 33. Rxd5 Re1+ 1-0

[Event "Tarbes op 11th"]
[Site "Tarbes"]
[Date "2003.04.21"]
[Round "8"]
[White "Jossien, Arnaud"]
[Black "Janotta, Patrick"]
[Result "1-0"]
[WhiteElo "2340"]
[BlackElo "2134"]
[PlyCount "87"]
[EventDate "2003.04.19"]
[EventType "swiss"]
[EventRounds "9"]
[EventCountry "FRA"]
[SourceTitle "EXT 2004"]
[Source "ChessBase"]
[SourceDate "2003.11.25"]
[SourceVersion "1"]
[SourceVersionDate "2003.11.25"]
[SourceQuality "1"]

1. e4 c5 2. Nf3 d6 3. c3 Nf6 4. Be2 g6 5. 0-0 Bg7 6. Re1 0-0 7. Bf1 b6 8. d4 cxd4 9. cxd4 Bb7 10. Nc3 Nbd7 11. Qb3 e5 12. Bg5 h6 13. Bh4 g5 14. dxe5 dxe5 15. Bg3 Nc5 16. Qc2 Nfxe4 17. Nxe5 Nxg3 18. hxg3 Qf6 19. Ng4 Qc6 20. Ne3 Rad8 21. Nf5 Qf6 22. Rad1 Rxd1 23. Rxd1 Rd8 24. Re1 Ne6 25. Nb5 Rc8 26. Qb1 Rc5 27. Nbd6 Bc6 28. b4 Re5 29. Rc1 Be4 30. Nxh6+ Qxh6 31. Nxe4 Bf8 32. Bd3 g4 33. Qb2 Bg7 34. Rc8+ Nf8 35. Qc1 Qe6 36. Qc4 Qxc4 37. Rxc4 f5 38. Nc3 Re1+ 39. Bf1 Rc1 40. Nb5 Ra1 41. Nxa7 Rxa2 42. Nc8 b5 43. Rf4 Rc2 44. Ne7+ 1-0

[Event "FRA-chT2S"]
[Site "France"]
[Date "2003.01.18"]
[Round "5.7"]
[White "Janotta, Patrick"]
[Black "Rodriguez, Angel"]
[Result "0-1"]
[WhiteElo "2134"]
[BlackElo "2035"]
[PlyCount "66"]
[EventDate "2002.10.??"]
[EventType "team"]
[EventRounds "11"]
[EventCountry "FRA"]
[SourceTitle "EXT 2004"]
[Source "ChessBase"]
[SourceDate "2003.11.25"]
[SourceVersion "1"]
[SourceVersionDate "2003.11.25"]
[SourceQuality "1"]

1. e4 c5 2. Nf3 Nc6 3. d4 cxd4 4. Nxd4 Nf6 5. Nc3 e5 6. Ndb5 d6 7. Bg5 a6 8. Na3 b5 9. Bxf6 gxf6 10. Nd5 f5 11. Bd3 f4 12. 0-0 Bg7 13. c4 b4 14. Nxb4 Nxb4 15. Qa4+ Bd7 16. Qxb4 0-0 17. Rfd1 Re8 18. Bf1 Re6 19. c5 Rb8 20. Qc3 Rc8 21. Qd2 Rxc5 22. Nc4 d5 23. exd5 Rh6 24. g3 Qg5 25. b4 Rc8 26. d6 Qh5 27. h4 Rg6 28. Be2 Qxh4 29. Bd3 Rg5 30. Nb6 fxg3 31. f3 Rh5 32. Qg2 Qd4+ 33. Kf1 Qxb6 0-1

[Event "Metz op 20th"]
[Site "Metz"]
[Date "2002.04.14"]
[Round "2"]
[White "Janotta, Patrick"]
[Black "Shchekachev, Andrei"]
[Result "0-1"]
[WhiteElo "2160"]
[BlackElo "2573"]
[PlyCount "120"]
[EventDate "2002.04.13"]
[EventType "swiss"]
[EventRounds "9"]
[EventCountry "FRA"]
[SourceTitle "CBM 087 Extra"]
[Source "ChessBase"]
[SourceDate "2002.05.03"]
[SourceVersion "2"]
[SourceVersionDate "2002.08.09"]
[SourceQuality "1"]

1. e4 c5 2. Nf3 d6 3. d4 cxd4 4. Nxd4 Nf6 5. Nc3 Nc6 6. Be2 g6 7. 0-0 Bg7 8. Be3 0-0 9. Qd2 Ne5 10. h3 a6 11. f4 Ned7 12. Bf3 Qc7 13. Rad1 Nb6 14. Nd5 Nbxd5 15. exd5 b5 16. Rfe1 Re8 17. Bf2 Bb7 18. c3 Rad8 19. f5 Qc4 20. fxg6 hxg6 21. Nb3 Qc7 22. Qf4 Rc8 23. h4 Qd7 24. Na5 Ba8 25. Bd4 Nxd5 26. Bxd5 e5 27. Qxf7+ Qxf7 28. Bxf7+ Kxf7 29. Bf2 Ke6 30. Nb3 Rc4 31. Nd4+ Ke7 32. Nc2 Re4 33. Rxe4 Bxe4 34. Nb4 a5 35. Nd3 Ke6 36. Bb6 Ra8 37. a3 Bf6 38. Nf2 Bd5 39. g3 g5 40. hxg5 Bxg5 41. Re1 Bf3 42. Be3 Be7 43. Bb6 Ra6 44. Be3 Kd5 45. Nh3 Ra8 46. Ng5 Bh5 47. Kg2 Rg8 48. Nf3 Kc4 49. Rh1 Bg6 50. g4 Kb3 51. Bb6 a4 52. Ba5 Bf5 53. Kf2 Rxg4 54. Bb4 Kxb2 55. Rd1 Rxb4 56. cxb4 Kxa3 57. Ke3 Kxb4 58. Rd2 a3 59. Rh2 Bb1 60. Kd2 a2 0-1

[Event "Toulon op"]
[Site "Toulon"]
[Date "2001.??.??"]
[Round "4"]
[White "Ionescu, Doru Alexandru"]
[Black "Janotta, Patrick"]
[Result "1/2-1/2"]
[WhiteElo "2323"]
[BlackElo "2121"]
[PlyCount "95"]
[EventDate "2001.10.??"]
[EventType "swiss"]
[EventRounds "9"]
[EventCountry "FRA"]
[SourceTitle "CBM 085 Extra"]
[Source "ChessBase"]
[SourceDate "2002.01.21"]
[SourceVersion "1"]
[SourceVersionDate "2002.01.21"]
[SourceQuality "1"]

1. d4 Nf6 2. Bg5 e6 3. e4 h6 4. Bxf6 Qxf6 5. Qd2 d6 6. Nc3 a6 7. f4 Nd7 8. Nf3 b6 9. Bd3 Bb7 10. 0-0-0 g5 11. e5 Qxf4 12. Qxf4 gxf4 13. Rhe1 dxe5 14. dxe5 Rg8 15. Rd2 0-0-0 16. Be4 Bxe4 17. Rxe4 h5 18. b4 Nb8 19. Rde2 Nc6 20. a3 a5 21. Na2 axb4 22. axb4 Kb7 23. Kb2 Bh6 24. Nc1 Ne7 25. Nd3 Nd5 26. Nfe1 Rg4 27. h3 Rg3 28. Rf2 Ne3 29. Rd2 Rdg8 30. Nxf4 Nd5 31. Rxd5 exd5 32. Nxd5 Re8 33. Nf6 Re6 34. Nf3 Bg7 35. Nxh5 Rxg2 36. Nf4 Rg3 37. Nxe6 fxe6 38. Nd4 Rxh3 39. Nxe6 Bh8 40. c3 Rh5 41. Nd8+ Kc8 42. Nf7 Kd7 43. e6+ Ke7 44. Re3 Bf6 45. Kc2 b5 46. Kd3 c5 47. bxc5 Rxc5 48. Kd2 1/2-1/2

[Event "Metz op 18th"]
[Site "Metz"]
[Date "2000.04.16"]
[Round "2"]
[White "Galkin, Alexander"]
[Black "Janotta, Patrick"]
[Result "1-0"]
[WhiteElo "2566"]
[BlackElo "2171"]
[PlyCount "56"]
[EventDate "2000.04.15"]
[EventType "swiss"]
[EventRounds "9"]
[EventCountry "FRA"]
[SourceTitle "CBM 075 Extra"]
[Source "ChessBase"]
[SourceDate "2000.05.11"]
[SourceVersion "2"]
[SourceVersionDate "2000.05.11"]
[SourceQuality "1"]

1. e4 c5 2. Nf3 d6 3. d4 cxd4 4. Nxd4 Nf6 5. Nc3 e6 6. Be2 a6 7. 0-0 Be7 8. a4 Nc6 9. Be3 Qc7 10. f4 0-0 11. Kh1 Nxd4 12. Qxd4 e5 13. Qd3 exf4 14. Bxf4 Be6 15. Rad1 Rfd8 16. Qg3 Kh8 17. e5 dxe5 18. Bxe5 Qc6 19. Rde1 Rd2 20. Bd3 Bc4 21. Ne4 Bxd3 22. cxd3 Rc2 23. Bc3 Rd8 24. Ng5 Rxd3 25. Nxf7+ Kg8 26. Ne5 Rxg3 27. Nxc6 Rgxc3 28. Nxe7+ Kf7 1-0

[Event "Cannes op"]
[Site "Cannes"]
[Date "2000.02.21"]
[Round "2"]
[White "Janotta, Patrick"]
[Black "Petrov, Vojislav"]
[Result "1-0"]
[WhiteElo "2171"]
[BlackElo "2023"]
[PlyCount "64"]
[EventDate "2000.02.20"]
[EventType "swiss"]
[EventRounds "9"]
[EventCountry "FRA"]
[SourceTitle "EXT 2001"]
[Source "ChessBase"]
[SourceDate "2000.11.22"]
[SourceVersion "1"]
[SourceVersionDate "2000.11.22"]
[SourceQuality "1"]

1. e4 c5 2. Nf3 d6 3. d4 cxd4 4. Nxd4 Nf6 5. Nc3 g6 6. Be3 Bg7 7. f3 0-0 8. Qd2 Nc6 9. 0-0-0 Nxd4 10. Bxd4 Be6 11. Kb1 Rb8 12. g4 b5 13. g5 b4 14. gxf6 bxc3 15. Bxc3 Bxf6 16. Bxf6 exf6 17. h4 Qb6 18. b3 a5 19. Qd4 Rfc8 20. Qxb6 Rxb6 21. Bh3 Rc3 22. Rd3 Rxd3 23. cxd3 Rc6 24. Bxe6 fxe6 25. Rc1 Rxc1+ 26. Kxc1 h5 27. Kd2 f5 28. a3 Kf7 29. Ke3 Ke7 30. exf5 exf5 31. b4 axb4 32. axb4 Kf6 1-0

[Event "Toulouse CEIT op"]
[Site "Toulouse"]
[Date "1999.??.??"]
[Round "1"]
[White "Brochet, Philippe"]
[Black "Janotta, Patrick"]
[Result "1-0"]
[WhiteElo "2351"]
[BlackElo "2158"]
[PlyCount "133"]
[EventDate "1999.??.??"]
[EventType "swiss"]
[EventRounds "7"]
[EventCountry "FRA"]
[SourceTitle "EXT 2000"]
[Source "ChessBase"]
[SourceDate "1999.11.16"]
[SourceVersion "1"]
[SourceVersionDate "1999.11.16"]
[SourceQuality "1"]

1. e4 c5 2. Nf3 d6 3. Bb5+ Nd7 4. d4 Ngf6 5. Nc3 a6 6. Bxd7+ Nxd7 7. 0-0 cxd4 8. Qxd4 e5 9. Qd3 Nc5 10. Qe3 Be6 11. Rd1 Qc7 12. Nd5 Bxd5 13. Rxd5 Be7 14. b3 0-0 15. Ba3 Ne6 16. c4 Nf4 17. Rd2 f5 18. exf5 Rxf5 19. Rad1 Rd8 20. Qe4 Rf6 21. c5 Qc8 22. cxd6 Qg4 23. Qc4+ Kh8 24. Qf1 Bf8 25. Kh1 e4 26. Ne1 e3 27. fxe3 Nd5 28. Qg1 Nxe3 29. Qxe3 Rf1+ 30. Qg1 Rxg1+ 31. Kxg1 h6 32. Nf3 b5 33. Bc5 Kg8 34. Bb6 Ra8 35. d7 Be7 36. d8Q+ Bxd8 37. Rxd8+ Rxd8 38. Rxd8+ Kh7 39. Bd4 Qe6 40. Ra8 g5 41. h3 Kg6 42. Rf8 Qe2 43. Rf6+ Kh7 44. Rxa6 Qd1+ 45. Kh2 Qc1 46. Be5 Qe3 47. b4 h5 48. Rf6 g4 49. Rf7+ Kg6 50. Rg7+ Kf5 51. Rg5+ Ke6 52. hxg4 hxg4 53. Rxg4 Qa3 54. Bg3 Kd5 55. Rg5+ Kc4 56. Rc5+ Kxb4 57. Bd6 Qa5 58. Nd4 Ka4 59. Nxb5 Qd8 60. Rh5 Qf6 61. Be5 Qg6 62. Nc3+ Kb4 63. Rh3 Qf5 64. Bd6+ Kc4 65. a4 Qg6 66. Nb5 Qe6 67. Rc3+ 1-0

[Event "Saint Affrique op 07th"]
[Site "Saint Affrique"]
[Date "1999.??.??"]
[Round "4"]
[White "Flear, Glenn C"]
[Black "Janotta, Patrick"]
[Result "1-0"]
[WhiteElo "2484"]
[BlackElo "2158"]
[PlyCount "69"]
[EventDate "1999.07.??"]
[EventType "swiss"]
[EventRounds "9"]
[EventCountry "FRA"]
[SourceTitle "EXT 2001"]
[Source "ChessBase"]
[SourceDate "2000.11.22"]
[SourceVersion "1"]
[SourceVersionDate "2000.11.22"]
[SourceQuality "1"]

1. d4 Nf6 2. c4 g6 3. Nc3 d5 4. Nf3 Bg7 5. Qb3 dxc4 6. Qxc4 0-0 7. Bf4 c6 8. e4 b5 9. Qb3 Bg4 10. Rd1 Qa5 11. Bd3 Nbd7 12. 0-0 a6 13. Be3 Rac8 14. e5 Be6 15. Qc2 Nd5 16. Nxd5 Bxd5 17. Nd2 Qc7 18. Ne4 c5 19. Nxc5 Nxc5 20. dxc5 Bxe5 21. f4 Bg7 22. Bxg6 hxg6 23. Rxd5 Rfd8 24. Rfd1 Rxd5 25. Rxd5 Qa5 26. Qd2 Qxd2 27. Rxd2 f5 28. Kf2 Kf7 29. h3 Ke8 30. b3 Rd8 31. c6 Rc8 32. Rc2 Kf7 33. c7 e5 34. Bb6 Bf6 35. Rd2 1-0

[Event "Toulouse CEIT op"]
[Site "Toulouse"]
[Date "1999.??.??"]
[Round "4"]
[White "Santo Roman, Marc"]
[Black "Janotta, Patrick"]
[Result "1-0"]
[WhiteElo "2381"]
[BlackElo "2158"]
[PlyCount "53"]
[EventDate "1999.??.??"]
[EventType "swiss"]
[EventRounds "7"]
[EventCountry "FRA"]
[SourceTitle "EXT 2000"]
[Source "ChessBase"]
[SourceDate "1999.11.16"]
[SourceVersion "1"]
[SourceVersionDate "1999.11.16"]
[SourceQuality "1"]

1. e4 c5 2. Nf3 d6 3. d4 cxd4 4. Nxd4 Nf6 5. Nc3 e6 6. g4 Nc6 7. g5 Nd7 8. Be3 Be7 9. Rg1 Nb6 10. Qh5 g6 11. Qh6 Bf8 12. Qh4 Bg7 13. 0-0-0 0-0 14. f4 Bd7 15. Rg3 Rc8 16. Ndb5 Nb4 17. Rxd6 Nc4 18. Bxc4 Rxc4 19. Bd4 Bxd4 20. Nxd4 Qc7 21. e5 h5 22. gxh6 Qd8 23. Qxd8 Rxd8 24. a3 Nc6 25. Nxc6 Rxc6 26. Rgd3 Rc7 27. Ne4 1-0

[Event "FRA-chT2S 9798"]
[Site "France"]
[Date "1998.??.??"]
[Round "10"]
[White "Birens, Eric Andre"]
[Black "Janotta, Patrick"]
[Result "1-0"]
[WhiteElo "2110"]
[BlackElo "2165"]
[PlyCount "84"]
[EventDate "1997.??.??"]
[EventType "team"]
[EventRounds "9"]
[EventCountry "FRA"]
[SourceTitle "EXT 2003"]
[Source "ChessBase"]
[SourceDate "2002.11.25"]
[SourceVersion "1"]
[SourceVersionDate "2002.11.25"]
[SourceQuality "1"]

1. d4 Nf6 2. c4 g6 3. Nc3 d5 4. cxd5 Nxd5 5. e4 Nxc3 6. bxc3 Bg7 7. Bc4 c5 8. Ne2 0-0 9. Be3 Nc6 10. Rc1 Bd7 11. h4 Rc8 12. h5 cxd4 13. cxd4 Qa5+ 14. Kf1 e5 15. hxg6 hxg6 16. d5 Nd4 17. Nxd4 exd4 18. Bxd4 Rxc4 19. Bxg7 Kxg7 20. Rxc4 Bb5 21. Qd4+ f6 22. e5 Qb6 23. Kg1 Bxc4 24. Qxc4 fxe5 25. Qc2 Qd4 26. Rh3 Qxd5 27. Qc1 Rf4 28. Qc7+ Rf7 29. Qc1 Rf4 30. Qc7+ Rf7 31. Qc1 Qxa2 32. Qh6+ Kf6 33. Rf3+ Ke7 34. Qg5+ Kf8 35. Qh6+ Ke7 36. Qh4+ Ke8 37. Qh8+ Ke7 38. Qxe5+ Kf8 39. Qh8+ Ke7 40. Re3+ Kd6 41. Qe5+ Kd7 42. Rd3+ Kc8 1-0

[Event "FRA-chT2S 9798"]
[Site "France"]
[Date "1998.??.??"]
[Round "11"]
[White "Janotta, Patrick"]
[Black "Poesson, Thierry"]
[Result "1-0"]
[WhiteElo "2165"]
[BlackElo "2170"]
[PlyCount "89"]
[EventDate "1997.??.??"]
[EventType "team"]
[EventRounds "9"]
[EventCountry "FRA"]
[SourceTitle "EXT 2003"]
[Source "ChessBase"]
[SourceDate "2002.11.25"]
[SourceVersion "1"]
[SourceVersionDate "2002.11.25"]
[SourceQuality "1"]

1. e4 c6 2. d4 d5 3. Nd2 dxe4 4. Nxe4 Bf5 5. Ng3 Bg6 6. h4 h6 7. Nf3 Nd7 8. h5 Bh7 9. Bd3 Bxd3 10. Qxd3 Ngf6 11. Bd2 e6 12. 0-0-0 Be7 13. c4 0-0 14. Bc3 Qc7 15. Ne5 Nxe5 16. dxe5 Rfd8 17. Qe2 Nd7 18. f4 Nc5 19. Ne4 Nxe4 20. Qxe4 Rxd1+ 21. Rxd1 Rd8 22. g4 Rxd1+ 23. Kxd1 Qd8+ 24. Qd4 Qxd4+ 25. Bxd4 a6 26. Kc2 Kf8 27. Kd3 c5 28. Be3 Ke8 29. Kc3 Kd7 30. Kd3 Kc6 31. Ke4 b5 32. f5 bxc4 33. f6 Bf8 34. fxg7 Bxg7 35. g5 hxg5 36. Bxg5 Kb5 37. h6 Bxh6 38. Bxh6 c3 39. bxc3 Kc4 40. Bd2 a5 41. Be1 a4 42. Bd2 Kb5 43. Kd3 Kb6 44. Kc4 Kc6 45. Be3 1-0

[Event "FRA-chT2S 9798"]
[Site "France"]
[Date "1998.??.??"]
[Round "?"]
[White "Machin, Guillaume"]
[Black "Janotta, Patrick"]
[Result "0-1"]
[WhiteElo "2130"]
[BlackElo "2165"]
[PlyCount "72"]
[EventDate "1997.??.??"]
[EventType "team"]
[EventRounds "9"]
[EventCountry "FRA"]
[SourceTitle "EXT 2003"]
[Source "ChessBase"]
[SourceDate "2002.11.25"]
[SourceVersion "1"]
[SourceVersionDate "2002.11.25"]
[SourceQuality "1"]

1. e4 c5 2. Nf3 d6 3. d4 cxd4 4. Nxd4 Nf6 5. Nc3 Nc6 6. Bg5 e6 7. Qd2 Be7 8. f4 0-0 9. 0-0-0 Nxd4 10. Qxd4 Qa5 11. Qd2 a6 12. Kb1 Qc7 13. Bd3 b5 14. Rde1 b4 15. Nd1 a5 16. Ne3 Ba6 17. e5 dxe5 18. fxe5 Nd5 19. Nxd5 exd5 20. Bxe7 Qxe7 21. Bxa6 Rxa6 22. Qxd5 Rd8 23. Qc4 Rg6 24. g3 Re6 25. Qb5 Qc7 26. Re2 Rc6 27. Rf2 Rc5 28. Qe2 Rxe5 29. Qf3 Qe7 30. Rff1 a4 31. Rc1 Re3 32. Qc6 a3 33. b3 Qe5 34. c3 Qf5+ 35. Ka1 Qf2 36. Rb1 Re2 0-1